[Event "CZE-chT2F 1415"]
[Site "Czech Republic"]
[Date "2015.03.15"]
[Round "9.55"]
[White "Zednik, Josef"]
[Black "Szotkowski, Bohuslav"]
[Result "1-0"]
[WhiteElo "2057"]
[BlackElo "1852"]
[PlyCount "95"]
[EventDate "2014.11.02"]
[EventType "team-tourn"]
[EventRounds "11"]
[EventCountry "CZE"]
[SourceTitle "EXT 2022"]
[Source "ChessBase"]
[SourceDate "2021.10.06"]
[SourceVersion "1"]
[SourceVersionDate "2021.10.06"]
[SourceQuality "1"]
[WhiteTeam "Grygov II"]
[BlackTeam "Mosty u Jablunkova"]
[WhiteTeamCountry "CZE"]
[BlackTeamCountry "CZE"]

1. d4 d5 2. Bf4 Nf6 3. e3 e6 4. c4 c5 5. cxd5 Nxd5 6. Bxb8 Rxb8 7. Nf3 a6 8. Be2 cxd4 9. Nxd4 Bb4+ 10. Nd2 0-0 11. 0-0 e5 12. N4f3 Re8 13. a3 Bf8 14. Nc4 e4 15. Nd4 Qg5 16. Kh1 b5 17. Nd2 Rb6 18. Rc1 Rg6 19. Rg1 Bd7 20. Nf1 Bd6 21. g3 f5 22. Bh5 Rh6 23. Bxe8 Bxe8 24. Rc8 Kf8 25. Nxb5 axb5 26. Qxd5 Ke7 27. Rxe8+ Kxe8 28. Qxb5+ Kf8 29. Qe2 Be5 30. b3 Qe7 31. Nd2 Qxa3 32. Nc4 Qe7 33. Rd1 Bc7 34. Qa2 Qe8 35. Qa3+ Kg8 36. Rd2 Re6 37. Qc5 Qf7 38. b4 g6 39. b5 Re8 40. b6 Bb8 41. Qc6 Kg7 42. Rd7 Re7 43. Rd8 Be5 44. Nxe5 Qb3 45. Rd7 Qb1+ 46. Kg2 Qb4 47. Rxe7+ Qxe7 48. Qc7 1-0

[Event "CZE-chT2F 1415"]
[Site "Czech Republic"]
[Date "2015.02.08"]
[Round "7.47"]
[White "Stradej, Vlastimil"]
[Black "Szotkowski, Bohuslav"]
[Result "1-0"]
[WhiteElo "2006"]
[BlackElo "1852"]
[PlyCount "97"]
[EventDate "2014.11.02"]
[EventType "team-tourn"]
[EventRounds "11"]
[EventCountry "CZE"]
[SourceTitle "EXT 2022"]
[Source "ChessBase"]
[SourceDate "2021.10.06"]
[SourceVersion "1"]
[SourceVersionDate "2021.10.06"]
[SourceQuality "1"]
[WhiteTeam "Vsetin"]
[BlackTeam "Mosty u Jablunkova"]
[WhiteTeamCountry "CZE"]
[BlackTeamCountry "CZE"]

1. e4 c5 2. d4 cxd4 3. c3 d3 4. c4 Nc6 5. Nf3 e5 6. Bxd3 Nf6 7. 0-0 Be7 8. Nc3 d6 9. h3 0-0 10. Be3 b6 11. Rc1 Bb7 12. b3 Nd7 13. Bb1 a6 14. Qd2 Nc5 15. Rfd1 Re8 16. Nd5 Bf8 17. Bg5 f6 18. Be3 Ne7 19. Nh4 Nxd5 20. cxd5 g6 21. Nf3 Rc8 22. Rc3 a5 23. Rdc1 Qd7 24. Bxc5 Rxc5 25. Rxc5 dxc5 26. Bd3 Re7 27. Qe2 Bh6 28. Rd1 Qd6 29. Ne1 Bc8 30. Nc2 Rf7 31. Na3 Qd8 32. Bb5 Bf8 33. d6 Kg7 34. d7 Bb7 35. Nc4 Be7 36. Nd6 Bxd6 37. Rxd6 Rf8 38. Qd3 f5 39. exf5 Rf6 40. Rxf6 Kxf6 41. Qd6+ Kxf5 42. Bd3+ e4 43. g4+ Kg5 44. Qe5+ Kh4 45. Qe8 Qxe8 46. dxe8Q exd3 47. Qe7+ Kxh3 48. Qxb7 Kxg4 49. Qd7+ 1-0

[Event "CZE-chT2F 1415"]
[Site "Czech Republic"]
[Date "2014.11.30"]
[Round "3.27"]
[White "Pilch, Roman"]
[Black "Szotkowski, Bohuslav"]
[Result "1-0"]
[WhiteElo "2112"]
[BlackElo "1852"]
[PlyCount "105"]
[EventDate "2014.11.02"]
[EventType "team-tourn"]
[EventRounds "11"]
[EventCountry "CZE"]
[SourceTitle "EXT 2022"]
[Source "ChessBase"]
[SourceDate "2021.10.06"]
[SourceVersion "1"]
[SourceVersionDate "2021.10.06"]
[SourceQuality "1"]
[WhiteTeam "Trinec II"]
[BlackTeam "Mosty u Jablunkova"]
[WhiteTeamCountry "CZE"]
[BlackTeamCountry "CZE"]

1. Nf3 d5 2. c4 Nf6 3. d4 e6 4. Nc3 c6 5. e3 Nbd7 6. Bd3 dxc4 7. Bxc4 Nd5 8. e4 Nxc3 9. bxc3 Nf6 10. Qe2 Be7 11. 0-0 0-0 12. Rd1 Qc7 13. Bg5 b5 14. Bd3 Bb7 15. Rac1 Rfe8 16. e5 Nd7 17. Bxe7 Rxe7 18. Qe4 f5 19. exf6 Nxf6 20. Qh4 Rf8 21. Ne5 g6 22. Qg5 Rg7 23. c4 b4 24. c5 Nd5 25. Bc4 Rf5 26. Qh4 Rf4 27. Qg3 Bc8 28. Bxd5 Rf5 29. Be4 Rh5 30. Nxc6 Bb7 31. Qxc7 Rxc7 32. d5 exd5 33. Bxd5+ Rxd5 34. Rxd5 Bxc6 35. Rd6 a5 36. f3 Kf7 37. Kf2 Ke7 38. Ke3 Rc8 39. Kd4 Rc7 40. Re1+ Kf7 41. Ree6 Bb5 42. c6 Ba4 43. Kc5 b3 44. axb3 Bxb3 45. Re4 Rc8 46. Rd7+ Kf6 47. Kd6 a4 48. h4 g5 49. hxg5+ Kxg5 50. c7 Bc2 51. Rg4+ Kh6 52. Rd8 Bf5 53. Rxc8 1-0

[Event "CZE-chT2F 1314"]
[Site "Czech Republic"]
[Date "2014.02.16"]
[Round "8.17"]
[White "Podlesny, Pavel"]
[Black "Szotkowski, Bohuslav"]
[Result "1-0"]
[WhiteElo "2096"]
[BlackElo "1856"]
[PlyCount "77"]
[EventDate "2013.11.03"]
[EventType "team-tourn"]
[EventRounds "11"]
[EventCountry "CZE"]
[SourceTitle "EXT 2016"]
[Source "ChessBase"]
[SourceDate "2015.10.08"]
[SourceVersion "1"]
[SourceVersionDate "2015.10.08"]
[SourceQuality "1"]
[WhiteTeam "Havirov Banik"]
[BlackTeam "Mosty u Jablunkova"]
[WhiteTeamCountry "CZE"]
[BlackTeamCountry "CZE"]

1. d4 d5 2. c4 e6 3. Nc3 Be7 4. Bf4 c6 5. e3 Nf6 6. Nf3 0-0 7. h3 Nbd7 8. c5 Ne4 9. Nxe4 dxe4 10. Nd2 f5 11. a3 e5 12. Bh2 exd4 13. exd4 Nf6 14. Nc4 Be6 15. Nd6 Qd7 16. Qc2 Ne8 17. Nxe8 Raxe8 18. Bc4 Bd5 19. 0-0-0 Bg5+ 20. Kb1 Qe6 21. b3 f4 22. Bxd5 Qxd5 23. Qc4 Rd8 24. Rhe1 Rfe8 25. Re2 Rd7 26. g3 f3 27. Rc2 e3 28. fxe3 Rxe3 29. Bg1 Rxb3+ 30. Ka2 Rb5 31. Rf1 Qxc4+ 32. Rxc4 Re7 33. Rc2 Rf7 34. Rc3 Ra5 35. Rcxf3 Rxf3 36. Rxf3 b5 37. d5 cxd5 38. c6 Bd8 39. Bc5 1-0

[Event "CZE-chT2F 1314"]
[Site "Czech Republic"]
[Date "2014.02.02"]
[Round "7.66"]
[White "Szotkowski, Bohuslav"]
[Black "Rambousek, Jan"]
[Result "0-1"]
[WhiteElo "1856"]
[BlackElo "2001"]
[PlyCount "80"]
[EventDate "2013.11.03"]
[EventType "team-tourn"]
[EventRounds "11"]
[EventCountry "CZE"]
[SourceTitle "EXT 2016"]
[Source "ChessBase"]
[SourceDate "2015.10.08"]
[SourceVersion "1"]
[SourceVersionDate "2015.10.08"]
[SourceQuality "1"]
[WhiteTeam "Mosty u Jablunkova"]
[BlackTeam "Opava KVS"]
[WhiteTeamCountry "CZE"]
[BlackTeamCountry "CZE"]

1. e4 Nf6 2. Nc3 d5 3. exd5 Nxd5 4. d4 e6 5. Nge2 Be7 6. g3 h5 7. Bg2 h4 8. Nxd5 exd5 9. Nc3 c6 10. h3 hxg3 11. fxg3 Be6 12. Be3 Qd7 13. h4 Na6 14. Qd2 0-0-0 15. Ne2 Bf5 16. a3 Rde8 17. Bf3 Bg4 18. Rf1 Bh3 19. Rg1 Bf5 20. Bf2 Bg4 21. Qd3 Qe6 22. Kd2 g5 23. Rh1 Bf5 24. Qc3 gxh4 25. gxh4 Bf8 26. Rae1 Bh6+ 27. Kd1 Be4 28. Ng3 f5 29. h5 Qd6 30. Rh3 Qf6 31. Nf1 f4 32. Nd2 Qf5 33. Rhh1 Nc7 34. Rh2 Nb5 35. Qc5 Bxf3+ 36. Nxf3 Qg4 37. Rxe8+ Rxe8 38. Qb4 Qxf3+ 39. Kc1 Qe2 40. Qd2 Qf1+ 0-1

[Event "CZE-chT2F 1314"]
[Site "Czech Republic"]
[Date "2013.12.01"]
[Round "3.48"]
[White "Szotkowski, Bohuslav"]
[Black "Plsek, Pavel"]
[Result "1/2-1/2"]
[WhiteElo "1856"]
[BlackElo "1981"]
[PlyCount "135"]
[EventDate "2013.11.03"]
[EventType "team-tourn"]
[EventRounds "11"]
[EventCountry "CZE"]
[SourceTitle "EXT 2016"]
[Source "ChessBase"]
[SourceDate "2015.10.08"]
[SourceVersion "1"]
[SourceVersionDate "2015.10.08"]
[SourceQuality "1"]
[WhiteTeam "Mosty u Jablunkova"]
[BlackTeam "Hostalkova"]
[WhiteTeamCountry "CZE"]
[BlackTeamCountry "CZE"]

1. e4 c5 2. b3 e5 3. Bb2 d6 4. Nf3 Nc6 5. c4 Nf6 6. Nc3 Bg4 7. Be2 Bxf3 8. Bxf3 Nd4 9. g3 Nxf3+ 10. Qxf3 Qd7 11. 0-0 h5 12. h4 Rh6 13. Kg2 Be7 14. Qe2 Rg6 15. f4 0-0-0 16. Rad1 Rg4 17. fxe5 dxe5 18. d3 g5 19. hxg5 Rxg5 20. Rf3 Rdg8 21. Rh1 Qg4 22. Kf2 h4 23. Rxh4 Qxh4 24. gxh4 Rg2+ 25. Ke1 Rxe2+ 26. Nxe2 Ng4 27. Rh3 Kd7 28. Ng3 Ne3 29. h5 Bf6 30. Bc1 Nc2+ 31. Kf2 Nb4 32. Nf5 Nxa2 33. Bd2 Nb4 34. Bxb4 cxb4 35. h6 Rh8 36. h7 Bg5 37. Kf3 Ke6 38. Rh5 f6 39. d4 exd4 40. Nxd4+ Ke5 41. Nf5 Ke6 42. Kg4 a5 43. Nh4 Bxh4 44. Kxh4 a4 45. bxa4 b3 46. Kg4 b2 47. Rb5 Rxh7 48. Rxb2 Ke5 49. Rb6 Kxe4 50. Rxf6 Rg7+ 51. Kh5 Kd4 52. Rf4+ Kc5 53. Kh6 Rc7 54. Rf5+ Kb6 55. Rb5+ Ka6 56. c5 Re7 57. Kg5 Re4 58. Rb6+ Ka7 59. Kf5 Rc4 60. Rb5 Rxa4 61. Ke5 Ra6 62. Kd5 Rh6 63. Rb1 Kb8 64. Rb2 Kc7 65. Rb1 Rh5+ 66. Kc4 Kc6 67. Rb6+ Kc7 68. Rb1 1/2-1/2